[Event "22nd ch-EUR Indiv 2022"]
[Site "Terme Catez SLO"]
[Date "2022.04.06"]
[Round "11.99"]
[White "Hryzlova, Sofiia"]
[Black "Manca, Federico"]
[Result "0-1"]
[WhiteTitle "WCM"]
[BlackTitle "IM"]
[WhiteElo "2097"]
[BlackElo "2370"]
[WhiteFideId "14174669"]
[BlackFideId "800171"]
[EventDate "2022.03.27"]

1. d4 Nf6 2. c4 g6 3. Nc3 Bg7 4. e4 d6 5. h3 O-O 6. Be3 e5 7. d5 a5 8. g4 Na6 9.
Nge2 h5 10. f3 Nc5 11. Qd2 c6 12. Bg5 cxd5 13. cxd5 Qe8 14. Ng3 Nh7 15. gxh5
Nxg5 16. Qxg5 Kh7 17. Rg1 Bh6 18. Qf6 Bd7 19. Qxd6 Rc8 20. Kf2 b5 21. Qb6 b4 22.
Nb5 Na4 23. Qxa5 Rc2+ 24. Ke1 Nxb2 25. Na7 Bd2+ 26. Kf2 b3 27. Qa6 Qe7 28. Be2
Be3+ 29. Kg2 Qh4 30. Rh1 gxh5 0-1

[Event "22nd ch-EUR Indiv 2022"]
[Site "Terme Catez SLO"]
[Date "2022.04.06"]
[Round "11.100"]
[White "Richter, Nils"]
[Black "Loukopoulos, Panagiotis-Athanasi"]
[Result "1-0"]
[WhiteTitle "FM"]
[WhiteElo "2365"]
[BlackElo "2020"]
[WhiteFideId "12990809"]
[BlackFideId "4293835"]
[EventDate "2022.03.27"]

1. Nf3 d5 2. d4 Nf6 3. g3 Bg4 4. Ne5 Bf5 5. c4 e6 6. Qb3 Qc8 7. Nc3 c6 8. Bg2
Nbd7 9. O-O Be7 10. Bf4 Nxe5 11. dxe5 Ne4 12. Nxe4 dxe4 13. Qe3 h6 14. h4 Rg8
15. Qc3 g5 16. hxg5 hxg5 17. Be3 c5 18. Rad1 Qc6 19. a3 a5 20. Rd2 b6 21. Rfd1
Qa4 22. b3 Qxa3 23. Ra1 Qb4 24. Qxb4 cxb4 25. Bxb6 f6 26. Rxa5 Rxa5 27. Bxa5
fxe5 28. e3 Kf7 29. Rd7 Rb8 30. Ra7 Ke8 31. g4 Bxg4 32. Bxe4 Bd1 33. Bc6+ Kf8
34. Bc7 Rc8 35. Bd7 Bc5 36. Bd6+ Bxd6 37. Bxc8 Bxb3 38. Bxe6 Bc2 39. c5 Bxc5 40.
Rc7 b3 41. Rxc5 b2 42. Ba2 Bb3 43. Bb1 1-0

[Event "22nd ch-EUR Indiv 2022"]
[Site "Terme Catez SLO"]
[Date "2022.04.06"]
[Round "11.101"]
[White "Franc, Borna"]
[Black "Unuk, Laura"]
[Result "0-1"]
[BlackTitle "IM"]
[WhiteElo "2013"]
[BlackElo "2346"]
[WhiteFideId "14555948"]
[BlackFideId "14609215"]
[EventDate "2022.03.27"]

1. e4 c6 2. d4 d5 3. exd5 cxd5 4. Bd3 Nc6 5. c3 Qc7 6. Nf3 Bg4 7. O-O e6 8. h3
Bh5 9. Re1 Bd6 10. Nbd2 Nge7 11. a4 h6 12. b4 O-O 13. Bb2 Rac8 14. Qb3 Bg6 15.
Bf1 Bf5 16. Rac1 Bf4 17. g3 Bxg3 18. fxg3 Qxg3+ 19. Bg2 Bxh3 20. Re2 Ng6 21. Nf1
Qg4 22. N1h2 Qh5 23. Bxh3 Qxh3 24. Qd1 Nf4 25. Rd2 Ne7 26. Qf1 Qh5 27. Kh1 Nf5
28. Qf2 Qh3 29. Rg1 Nh5 30. Rg2 Nhg3+ 31. Kg1 Ne4 0-1

[Event "22nd ch-EUR Indiv 2022"]
[Site "Terme Catez SLO"]
[Date "2022.04.06"]
[Round "11.102"]
[White "Kovalskyi, Roman"]
[Black "Bilych, Olexiy"]
[Result "0-1"]
[BlackTitle "FM"]
[WhiteElo "1807"]
[BlackElo "2342"]
[WhiteFideId "14184214"]
[BlackFideId "14156504"]
[EventDate "2022.03.27"]

1. e4 c5 2. b3 g6 3. Bb2 Nf6 4. e5 Nd5 5. Qf3 Nc7 6. Bc4 Ne6 7. Bxe6 dxe6 8. Nh3
Bg7 9. Ng5 O-O 10. h4 h6 11. Ne4 Nc6 12. Qg3 Qd5 13. Nbc3 Qxe5 14. Qxe5 Nxe5 15.
Nxc5 b6 16. N5e4 Bb7 17. f3 Rac8 18. O-O-O Rfd8 19. Kb1 f5 20. Nf2 Kf7 21. Ne2
Bf6 22. Nf4 Nxf3 23. gxf3 Bxf3 24. N2d3 Bxd1 25. Rxd1 g5 26. Ng2 Bxb2 27. Kxb2
Kf6 28. Re1 e5 29. Kb1 e4 30. Nb2 Rxd2 31. hxg5+ hxg5 32. Ne3 b5 33. c4 bxc4 34.
Nbxc4 Rf2 35. a3 g4 36. Nb2 g3 37. b4 e6 38. b5 Rg8 39. Nbd1 f4 40. Nc4 e3 41.
Ndxe3 fxe3 42. Nxe3 g2 43. Rg1 Rg3 44. Nd1 Rf1 0-1

[Event "22nd ch-EUR Indiv 2022"]
[Site "Terme Catez SLO"]
[Date "2022.04.06"]
[Round "11.104"]
[White "Gueci, Tea"]
[Black "Stocek, Jiri"]
[Result "0-1"]
[WhiteTitle "WIM"]
[BlackTitle "GM"]
[WhiteElo "2235"]
[BlackElo "2555"]
[WhiteFideId "872342"]
[BlackFideId "304760"]
[EventDate "2022.03.27"]

1. e4 d6 2. d4 Nf6 3. Bd3 e5 4. Nf3 exd4 5. Nxd4 g6 6. O-O Bg7 7. c3 O-O 8. Bg5
Re8 9. Re1 h6 10. Bh4 Nbd7 11. Nd2 Nc5 12. Bc2 a5 13. N4b3 Ne6 14. a4 Nf4 15.
Nc4 Be6 16. Ncxa5 Qc8 17. Bg3 N6h5 18. Qd2 g5 19. Bd1 c5 20. Qxd6 c4 21. Nxc4
Bxc4 22. Bxh5 Nxh5 23. Nd4 Rd8 24. Qc7 Bxd4 25. cxd4 Qxc7 26. Bxc7 Rxd4 27. Be5
Rd3 28. g3 Re8 29. Bc3 Ng7 30. a5 Ne6 31. Ra4 Ba6 32. Rb4 Red8 33. Kg2 Rd1 34.
Rxd1 Rxd1 35. f3 Rc1 36. Rb6 Rc2+ 37. Kg1 Kf8 38. Bf6 g4 39. fxg4 Ke8 40. b4
Rc1+ 41. Kg2 Bd3 42. Kf3 Rc4 43. Ke3 Bxe4 44. b5 Kd7 45. Be5 Bh1 46. Kd3 Rxg4
47. a6 bxa6 48. bxa6 Nc5+ 49. Kd2 Ra4 50. Rxh6 Nxa6 51. h4 Ra5 52. Bf4 Nc5 53.
Rh8 Ne4+ 54. Kc2 Nf6 55. Bg5 Ne4 56. Bf4 Bf3 57. Rb8 Nc5 58. Rf8 Bh5 59. Rb8 Ne6
60. Rb4 Kc6 61. Bb8 Bg6+ 62. Kd2 Ra3 63. Rg4 Kd5 64. Rb4 Nd4 65. Rb7 Rd3+ 66.
Ke1 Ke4 67. Bf4 Kf3 68. Rb2 Ra3 69. Kd2 Ne2 70. Bc7 Kf2 71. Bb6+ Kf1 72. h5 Bxh5
73. Rb1+ Kg2 74. Rb5 Nxg3 75. Rg5 Kf3 76. Kc2 Bg6+ 77. Kb2 Rd3 78. Bc7 Ne2 79.
Ra5 Rd7 80. Be5 Rb7+ 81. Ka3 Nc1 82. Bf6 Rb3+ 83. Ka4 Rb6 0-1

[Event "22nd ch-EUR Indiv 2022"]
[Site "Terme Catez SLO"]
[Date "2022.04.06"]
[Round "11.105"]
[White "Petenyi, Tamas"]
[Black "Saraci, Korab"]
[Result "0-1"]
[WhiteTitle "IM"]
[WhiteElo "2451"]
[BlackElo "2229"]
[WhiteFideId "14909090"]
[BlackFideId "4701968"]
[EventDate "2022.03.27"]

1. e4 c5 2. b3 Nc6 3. Bb2 Nf6 4. Nc3 d6 5. Bb5 Bd7 6. f4 a6 7. Bxc6 Bxc6 8. Qe2
b5 9. e5 dxe5 10. fxe5 Nd5 11. e6 f6 12. Nh3 Nxc3 13. dxc3 g6 14. Rd1 Qb6 15.
O-O c4+ 16. Kh1 Bg7 17. Ba3 Qb7 18. Nf4 O-O 19. bxc4 bxc4 20. Qxc4 Rfc8 21. Qb4
Bf8 22. Qxb7 Bxb7 23. Bxe7 Bxe7 24. Rd7 Ra7 25. Rb1 Rd8 26. Nd3 Rxd7 27. exd7
Kf7 28. Nc5 Bc6 29. Rd1 Ra8 0-1

[Event "22nd ch-EUR Indiv 2022"]
[Site "Terme Catez SLO"]
[Date "2022.04.06"]
[Round "11.106"]
[White "Murphy, Conor E"]
[Black "Damia, Angelo"]
[Result "1-0"]
[WhiteTitle "IM"]
[BlackTitle "IM"]
[WhiteElo "2427"]
[BlackElo "2223"]
[WhiteFideId "421669"]
[BlackFideId "812668"]
[EventDate "2022.03.27"]

1. d4 Nf6 2. c4 e6 3. Nf3 d5 4. g3 dxc4 5. Bg2 Nc6 6. Qa4 Nd5 7. Qxc4 Ndb4 8. a3
Qd5 9. Qxd5 Nxd5 10. e4 Nb6 11. Nc3 Bd6 12. Nb5 a6 13. Nxd6+ cxd6 14. Bd2 Bd7
15. b3 O-O 16. Bf4 d5 17. e5 Rfc8 18. Bd2 a5 19. a4 Nb4 20. Bxb4 axb4 21. Kd2
Rc3 22. Rab1 Rac8 23. Rhc1 Rxc1 24. Rxc1 Rxc1 25. Kxc1 Nc8 26. Bf1 Na7 27. Ne1
b5 28. a5 Bc8 29. Nc2 Nc6 30. Bxb5 Nxa5 31. Kb2 1-0

[Event "22nd ch-EUR Indiv 2022"]
[Site "Terme Catez SLO"]
[Date "2022.04.06"]
[Round "11.107"]
[White "Tratar, Marko"]
[Black "Laptii, Nazar"]
[Result "1-0"]
[WhiteTitle "GM"]
[WhiteElo "2417"]
[BlackElo "2180"]
[WhiteFideId "14600684"]
[BlackFideId "14174332"]
[EventDate "2022.03.27"]

1. c4 g6 2. d4 Bg7 3. e4 d6 4. Ne2 e5 5. Nbc3 Nc6 6. Be3 Nh6 7. f3 f5 8. d5 Ne7
9. Qd2 Nf7 10. Nc1 c5 11. Be2 h5 12. Nd3 f4 13. Bf2 g5 14. h3 Bd7 15. O-O-O a6
16. Kb1 Qa5 17. a3 Qd8 18. b4 b6 19. Ka2 Ng6 20. Rb1 Bf6 21. Rb2 Kf8 22. Qd1 Kg7
23. Rb1 Qc7 24. Rb3 Rab8 25. Qb1 Rh6 26. bxc5 dxc5 27. Nxc5 1-0

[Event "22nd ch-EUR Indiv 2022"]
[Site "Terme Catez SLO"]
[Date "2022.04.06"]
[Round "11.108"]
[White "Ciolek, Andreas"]
[Black "Golubka, Petro"]
[Result "1/2-1/2"]
[WhiteTitle "FM"]
[BlackTitle "GM"]
[WhiteElo "2191"]
[BlackElo "2401"]
[WhiteFideId "12906727"]
[BlackFideId "14114224"]
[EventDate "2022.03.27"]

1. d4 d5 2. Nf3 c6 3. g3 Nf6 4. Bg2 Bf5 5. c4 e6 6. Nc3 Bb4 7. Qb3 Na6 8. O-O
O-O 9. Bg5 h6 10. Bxf6 Qxf6 11. a3 dxc4 12. Qxc4 Bxc3 13. Qxc3 Be4 14. Ne5 Bxg2
15. Kxg2 Qd8 16. e4 Nc7 17. Rfd1 Qe7 18. Rac1 Rfd8 19. Qc5 Kf8 20. b4 a5 21. Qb6
Ne8 22. bxa5 Nd6 23. f3 Ra6 24. Qb4 Rda8 25. Rc5 Kg8 26. Rd2 f5 27. d5 fxe4 28.
dxc6 exf3+ 29. Nxf3 bxc6 30. Re5 c5 31. Qxc5 Rf8 32. Qb4 Qf6 33. Re3 Nf5 34.
Red3 e5 35. Qc4+ Kh8 36. Nxe5 Re6 37. Ng4 Nh4+ 38. gxh4 Qf1+ 39. Kg3 Rf3+ 40.
Rxf3 Qxc4 41. h5 Qc7+ 42. Kg2 Qxa5 43. Rdf2 Qxh5 44. h3 Qd5 45. Kh2 h5 46. Ne3
Qd6+ 47. Kh1 Qxa3 48. Ng2 Qc1+ 49. Rf1 Qc6 50. h4 Re4 51. R1f2 Rg4 52. Kh2 Kh7
53. Kh3 Qe6 54. Kh2 Qe7 55. Kh3 Qe4 56. Rf4 Qd3+ 57. R2f3 Qd7 58. Kh2 Qd6 59.
Kh3 Qg6 60. Rf2 Rg3+ 61. Kh2 Rd3 62. R2f3 Rxf3 63. Rxf3 Qd6+ 64. Rf4 g5 65. hxg5
Kg6 66. Kh1 Kxg5 67. Kg1 Qe5 68. Kh1 Qd6 69. Kg1 Qe5 1/2-1/2

[Event "22nd ch-EUR Indiv 2022"]
[Site "Terme Catez SLO"]
[Date "2022.04.06"]
[Round "11.109"]
[White "Vidic, Teja"]
[Black "Sokolovsky, Yahli"]
[Result "0-1"]
[WhiteTitle "WIM"]
[BlackTitle "FM"]
[WhiteElo "2191"]
[BlackElo "2395"]
[WhiteFideId "14605511"]
[BlackFideId "2820242"]
[EventDate "2022.03.27"]

1. e4 e5 2. Nf3 Nc6 3. Bb5 a6 4. Ba4 Nf6 5. O-O Be7 6. Re1 b5 7. Bb3 O-O 8. c3
Na5 9. Nxe5 Nxb3 10. Qxb3 Bb7 11. d3 d5 12. exd5 Re8 13. Bf4 Bd6 14. d4 Bxd5 15.
Qd1 c5 16. Nd2 h6 17. Nd3 Rxe1+ 18. Qxe1 c4 19. Bxd6 Qxd6 20. Qe5 Qd7 21. Nc5
Qc6 22. Qg3 Re8 23. Kf1 Qc8 24. Re1 Rxe1+ 25. Kxe1 Qf5 26. Qe5 Qc2 27. Nd7 Nxd7
28. Qxd5 Nf6 29. Qe5 Qxb2 30. d5 Qxa2 31. d6 b4 32. Qd4 Qa1+ 33. Ke2 Qxc3 34.
Qxc3 bxc3 35. Nxc4 Kf8 36. Kd3 Nd5 37. Na3 Ke8 38. Kd4 Nf6 39. Kxc3 Kd7 40. Kb4
Kxd6 41. Nc4+ Kd5 42. Ne3+ Ke4 43. Kc5 Kd3 44. Nf5 Ne8 45. Ng3 g6 46. h4 Nf6 47.
Kb6 Ne4 48. Nf1 Ke2 49. Nh2 h5 50. f4 Nd2 51. g4 f5 52. gxh5 gxh5 53. Kxa6 Nf3 0-1

[Event "22nd ch-EUR Indiv 2022"]
[Site "Terme Catez SLO"]
[Date "2022.04.06"]
[Round "11.110"]
[White "Janzelj, Lara"]
[Black "Fruebing, Stefan"]
[Result "0-1"]
[WhiteTitle "WIM"]
[BlackTitle "IM"]
[WhiteElo "2160"]
[BlackElo "2374"]
[WhiteFideId "14608391"]
[BlackFideId "4682165"]
[EventDate "2022.03.27"]

1. d4 d5 2. c4 c6 3. cxd5 cxd5 4. Bg5 h6 5. Bh4 Qb6 6. Nc3 e6 7. Qd2 Ne7 8. e3
Nf5 9. Bg3 Nxg3 10. hxg3 Bd7 11. Bd3 Nc6 12. Nf3 Bd6 13. O-O O-O 14. Rac1 Rfc8
15. g4 Qd8 16. Bb1 Be8 17. e4 dxe4 18. Nxe4 Nb4 19. g5 hxg5 20. Nxd6 Qxd6 21.
Qxg5 Nd5 22. Qh4 g6 23. Ng5 Qf4 24. Qh7+ Kf8 25. Qh6+ Ke7 26. Rce1 Bd7 27. g3
Qxd4 28. Nf3 Rh8 29. Qc1 Qg4 30. Qc5+ Kf6 31. Be4 Qh3 32. Nh4 Rxh4 33. gxh4 Qxh4
34. Bxd5 Qg5+ 0-1

[Event "22nd ch-EUR Indiv 2022"]
[Site "Terme Catez SLO"]
[Date "2022.04.06"]
[Round "11.111"]
[White "Gramb, Marius"]
[Black "Giannoulakis, Lampros"]
[Result "0-1"]
[BlackTitle "FM"]
[WhiteElo "2107"]
[BlackElo "2362"]
[WhiteFideId "24656593"]
[BlackFideId "4247019"]
[EventDate "2022.03.27"]

1. e4 e5 2. Nf3 Nc6 3. Bb5 a6 4. Ba4 Nf6 5. O-O Be7 6. Re1 b5 7. Bb3 d6 8. a4
Bd7 9. c3 O-O 10. d4 Bg4 11. d5 Na5 12. Bc2 c6 13. h3 Bxf3 14. Qxf3 cxd5 15.
exd5 Nc4 16. Bb3 Qc7 17. Nd2 Nxd2 18. Bxd2 Nd7 19. Be3 Qb7 20. Bc2 g6 21. Bh6
Rfc8 22. a5 Bf8 23. Bd2 Bg7 24. h4 Nf6 25. Bg5 Nh5 26. g4 Nf4 27. h5 b4 28. Bxf4
bxc3 29. bxc3 exf4 30. Rab1 Qd7 31. Qxf4 Be5 32. Ba4 Qd8 33. Qe4 Rxc3 34. Bc6
Rc8 35. hxg6 fxg6 36. Re3 Rxe3 37. Qxe3 Qh4 38. Qe4 Rf8 39. Qg2 Bd4 40. Rf1 Kh8
41. Bd7 Qd8 42. Qe4 Be5 43. Be6 Rf4 44. Qg2 Qxa5 45. Rc1 Rf8 46. Rc8 Rxc8 47.
Bxc8 Qe1+ 48. Qf1 Qxf1+ 49. Kxf1 a5 50. Bd7 Kg7 51. Kg2 Kf6 52. Kf3 Bd4 53. Kg3
Ke5 54. Bc6 Ke4 55. f3+ Ke5 56. f4+ Ke4 57. f5 gxf5 58. gxf5 Kxf5 59. Be8 Ke4
60. Bc6 Kd3 61. Kf3 Kc4 62. Ke4 Be5 63. Be8 h6 64. Bc6 h5 65. Be8 h4 66. Bd7 Kc5
67. Bg4 a4 68. Kd3 a3 0-1

[Event "22nd ch-EUR Indiv 2022"]
[Site "Terme Catez SLO"]
[Date "2022.04.06"]
[Round "11.112"]
[White "Kenneskog, Theodor"]
[Black "Pozun, Matej"]
[Result "0-1"]
[WhiteTitle "FM"]
[WhiteElo "2354"]
[BlackElo "2168"]
[WhiteFideId "1715011"]
[BlackFideId "14618788"]
[EventDate "2022.03.27"]

1. e4 c5 2. Nf3 Nc6 3. d4 cxd4 4. Nxd4 Nf6 5. Nc3 e5 6. Ndb5 d6 7. Nd5 Nxd5 8.
exd5 Nb8 9. a4 Be7 10. Bd2 O-O 11. Be2 Nd7 12. a5 f5 13. O-O f4 14. Re1 a6 15.
Nc3 Bh4 16. b4 b5 17. g3 fxg3 18. hxg3 Bg5 19. Bxg5 Qxg5 20. Ne4 Qe7 21. c4 Nf6
22. Bf1 bxc4 23. Rc1 Nxe4 24. Rxe4 Qf7 25. Qd2 Bb7 26. Bxc4 Rac8 27. Re3 Qf5 28.
Rec3 e4 29. Bb3 Rce8 30. Re3 Re5 31. Qe2 Qh3 32. Qf1 Qh5 33. Rce1 Rfe8 34. b5
axb5 35. Qxb5 Bc8 36. Bd1 Qf7 37. a6 Rf8 38. R1e2 Bg4 39. Rd2 Bxd1 40. a7 Bf3
41. Qb8 Ree8 42. Rb2 Qh5 43. Rxf3 exf3 44. Qxe8 Qxe8 0-1

[Event "22nd ch-EUR Indiv 2022"]
[Site "Terme Catez SLO"]
[Date "2022.04.06"]
[Round "11.113"]
[White "Sorm, Daniel"]
[Black "Goroshkov, Maksym"]
[Result "1/2-1/2"]
[WhiteTitle "FM"]
[WhiteElo "2323"]
[BlackElo "2111"]
[WhiteFideId "5400139"]
[BlackFideId "14142716"]
[EventDate "2022.03.27"]

1. d4 Nf6 2. Bf4 d6 3. Nc3 g6 4. e4 Bg7 5. Qd2 O-O 6. O-O-O c6 7. Bh6 b5 8. f3
Qa5 9. e5 dxe5 10. Bxg7 Kxg7 11. dxe5 Ng8 12. a3 Be6 13. Ne4 Qxd2+ 14. Rxd2 Nd7
15. Ng5 Rad8 16. Nxe6+ fxe6 17. f4 Nc5 18. Rxd8 Rxd8 19. Nf3 Nh6 20. Be2 Nf5 21.
Rd1 Rd5 22. Rxd5 exd5 23. g4 Ne3 24. Nd4 Ng2 25. Nxc6 Nxf4 26. Bxb5 Kh6 27. h4
Ng2 28. Nxe7 Nxh4 29. Be2 d4 30. Nc6 Ne6 31. Nxa7 Kg5 32. b4 Ng2 33. b5 Ne3 34.
b6 Nc5 35. a4 h5 36. gxh5 gxh5 37. Bxh5 Kxh5 38. Nb5 Nc4 39. e6 Kg6 40. a5 Nxa5
41. Nxd4 Nc4 1/2-1/2

[Event "22nd ch-EUR Indiv 2022"]
[Site "Terme Catez SLO"]
[Date "2022.04.06"]
[Round "11.114"]
[White "Yordanov, Lachezar"]
[Black "Vaupot, Luka"]
[Result "1-0"]
[WhiteTitle "FM"]
[WhiteElo "2318"]
[BlackElo "2083"]
[WhiteFideId "2918927"]
[BlackFideId "14627671"]
[EventDate "2022.03.27"]

1. d4 Nf6 2. c4 g6 3. Nc3 d5 4. cxd5 Nxd5 5. e4 Nxc3 6. bxc3 Bg7 7. Nf3 c5 8. h3
O-O 9. Be2 Nc6 10. Be3 Qa5 11. O-O Rd8 12. d5 Bxc3 13. Rc1 Nd4 14. Nxd4 Bxd4 15.
Bxd4 cxd4 16. Qxd4 e6 17. Bc4 exd5 18. exd5 b6 19. d6 Ba6 20. Bxf7+ Kxf7 21.
Rc7+ Ke6 22. Re7+ Kf5 23. g4+ Kg5 24. f4+ 1-0

[Event "22nd ch-EUR Indiv 2022"]
[Site "Terme Catez SLO"]
[Date "2022.04.06"]
[Round "11.115"]
[White "Hasanzade, Toghrul"]
[Black "Hulka, Valentyn"]
[Result "1-0"]
[WhiteTitle "IM"]
[WhiteElo "2297"]
[BlackElo "2105"]
[WhiteFideId "13407716"]
[BlackFideId "34107061"]
[EventDate "2022.03.27"]

1. c4 e5 2. Nc3 Nf6 3. Nf3 Nc6 4. a3 d5 5. cxd5 Nxd5 6. Qc2 Be7 7. e3 a6 8. b4
Nxc3 9. dxc3 O-O 10. Be2 Be6 11. O-O f5 12. Bb2 Bf6 13. Rfd1 Qe7 14. e4 f4 15.
c4 g5 16. b5 g4 17. bxc6 gxf3 18. Bxf3 bxc6 19. a4 Rfd8 20. Rdc1 Rd7 21. Be2
Rad8 22. Bc3 Qc5 23. Rab1 Bh4 24. Bf1 Rd2 25. Bxd2 Qxf2+ 26. Kh1 Rxd2 27. Qc3
Kf7 28. Qxe5 Bh3 29. Qh5+ Ke7 30. Qxh7+ Ke6 31. Qg6+ Ke5 32. Rd1 Rxd1 33. Rxd1
Be6 34. Qh5+ Kf6 35. Be2 Bf7 36. Qf5+ Kg7 37. Bh5 Bxh5 38. Rd7+ Kg8 39. Qh7+ 1-0

[Event "22nd ch-EUR Indiv 2022"]
[Site "Terme Catez SLO"]
[Date "2022.04.06"]
[Round "11.116"]
[White "Greicius, Pijus"]
[Black "Zirkelbach, Maj"]
[Result "0-1"]
[BlackTitle "FM"]
[WhiteElo "2100"]
[BlackElo "2295"]
[WhiteFideId "12819093"]
[BlackFideId "14613395"]
[EventDate "2022.03.27"]

1. d4 Nf6 2. Nf3 e6 3. g3 d5 4. Bg2 Nbd7 5. O-O b6 6. c4 Be7 7. Qc2 Bb7 8. Nfd2
c5 9. dxc5 Nxc5 10. Rd1 O-O 11. Nc3 Rc8 12. cxd5 Nxd5 13. Nxd5 Bxd5 14. Nf1 Bf6
15. Bxd5 exd5 16. Ne3 d4 17. Ng4 h5 18. Nxf6+ Qxf6 19. Qd2 Rfe8 20. Kf1 Rcd8 21.
Qf4 Qc6 22. Qf3 Qb5 23. Bg5 Rd7 24. Bf4 Rde7 25. Rd2 Ne6 26. Bd6 Rd7 27. Ba3 Ng5
28. Qxh5 Qd5 29. Kg1 Rxe2 30. Rd3 Rxf2 0-1

[Event "22nd ch-EUR Indiv 2022"]
[Site "Terme Catez SLO"]
[Date "2022.04.06"]
[Round "11.117"]
[White "Rubil, Marko"]
[Black "Zlatkov, Anton"]
[Result "1/2-1/2"]
[WhiteTitle "FM"]
[WhiteElo "2293"]
[BlackElo "2081"]
[WhiteFideId "14501546"]
[BlackFideId "15005402"]
[EventDate "2022.03.27"]

1. e4 c5 2. Nf3 d6 3. d4 cxd4 4. Nxd4 Nf6 5. Nc3 Nc6 6. Bg5 e6 7. Qd2 a6 8. Nxc6
bxc6 9. O-O-O d5 10. Qe3 Be7 11. Bxf6 gxf6 12. Bc4 Qa5 13. exd5 cxd5 14. Nxd5
exd5 15. Bxd5 Rb8 16. Rhe1 Qc7 17. Rd3 Bf5 18. Rc3 Qd6 19. Rc6 Qb4 20. Bb3 Rb7
21. Rxa6 O-O 22. g4 Bg6 23. Ra4 Bc5 24. Qe2 Qb6 25. Ra6 Qd8 26. Qf3 Re8 27. Rd1
Rd7 28. Bd5 Bxf2 29. Ra8 Be3+ 30. Kb1 Qe7 31. Rxe8+ Qxe8 32. a4 Rc7 33. Bb3 Qe5
34. a5 Kg7 35. a6 Ba7 36. h4 Qh2 37. g5 Bxc2+ 38. Ka1 fxg5 39. hxg5 Qe5 40. Qf6+
Qxf6 41. gxf6+ Kxf6 42. Rc1 Rc5 1/2-1/2

[Event "22nd ch-EUR Indiv 2022"]
[Site "Terme Catez SLO"]
[Date "2022.04.06"]
[Round "11.118"]
[White "Ruzic, Pia Marie"]
[Black "Eric, Jovana"]
[Result "0-1"]
[BlackTitle "WGM"]
[WhiteElo "2072"]
[BlackElo "2278"]
[WhiteFideId "14620057"]
[BlackFideId "938238"]
[EventDate "2022.03.27"]

1. d4 Nf6 2. c4 e6 3. Nf3 d5 4. g3 Bb4+ 5. Bd2 Be7 6. Bg2 O-O 7. O-O Ne4 8. Qc2
c6 9. Bc3 Nxc3 10. Nxc3 dxc4 11. a4 a5 12. Rfd1 Na6 13. Ne5 Nb4 14. Qb1 c5 15.
Nb5 cxd4 16. Rxd4 Qb6 17. Rxc4 Bc5 18. Qe1 f6 19. Rac1 Na2 20. Rxc5 Nxc1 21.
Qxc1 fxe5 22. e3 Bd7 23. Rxe5 Rac8 24. Qb1 Rc5 25. Rxc5 Qxc5 26. Be4 Qh5 27. Nc3
Bc6 28. Qa2 Qf7 29. b3 Bxe4 30. Nxe4 Qf3 31. Nc3 Rc8 32. Qd2 Qc6 33. Ne2 Qb6 34.
Nd4 Rd8 35. Qc2 e5 36. Nf3 Qd6 37. Kg2 Qd5 38. e4 Qd3 39. Qc7 Rf8 0-1

[Event "22nd ch-EUR Indiv 2022"]
[Site "Terme Catez SLO"]
[Date "2022.04.06"]
[Round "11.119"]
[White "Murko, David"]
[Black "Easwaralingam, Adesh"]
[Result "1-0"]
[WhiteElo "2273"]
[BlackElo "2069"]
[WhiteFideId "14613891"]
[BlackFideId "1448552"]
[EventDate "2022.03.27"]

1. e4 c5 2. Nf3 Nc6 3. Bb5 g6 4. Bxc6 dxc6 5. d3 Bg7 6. h3 Nf6 7. Nc3 Nd7 8. Be3
e5 9. Qd2 h6 10. O-O b6 11. Nh2 Nf8 12. f4 exf4 13. Rxf4 Ne6 14. Rf2 Nd4 15.
Raf1 Qe7 16. Rxf7 Qxf7 17. Rxf7 Kxf7 18. Qf2+ Kg8 19. Nd1 Kh7 20. c3 Rf8 21. Qd2
Ne6 22. Nf2 Ba6 23. Nf3 Rad8 24. Qc2 Rd7 25. Qa4 Bb5 26. Qb3 Nd8 27. d4 cxd4 28.
cxd4 Be2 29. Ne5 Bxe5 30. dxe5 g5 31. e6 Re7 32. e5 Bh5 33. Qa3 c5 34. Ne4 Kg7
35. Nxc5 Nc6 36. Nd7 Rc8 37. Qa6 Rc7 38. Nf6 Be8 39. Nd5 Rb7 40. Nxe7 Rxe7 41.
Qc4 Kg6 42. Qe4+ Kg7 43. Qf5 Bg6 44. Qf6+ Kh7 45. g3 Rc7 46. h4 gxh4 47. Qxh4 h5
48. Qf6 Re7 49. Bg5 Re8 50. a3 Nd4 51. e7 Nf5 52. Qf8 1-0

[Event "22nd ch-EUR Indiv 2022"]
[Site "Terme Catez SLO"]
[Date "2022.04.06"]
[Round "11.120"]
[White "Babrauskas, Darius"]
[Black "Kanov, Nikola"]
[Result "0-1"]
[BlackTitle "CM"]
[WhiteElo "2003"]
[BlackElo "2265"]
[WhiteFideId "12805602"]
[BlackFideId "2928531"]
[EventDate "2022.03.27"]

1. e4 e5 2. Nf3 Nc6 3. Bc4 Bc5 4. d3 Nf6 5. a4 a5 6. O-O d6 7. c3 h6 8. h3 O-O
9. Re1 Be6 10. Na3 Bxa3 11. Rxa3 Bxc4 12. dxc4 Qd7 13. Ra1 b6 14. Nh4 Ne7 15.
Qf3 Qe6 16. b3 Kh7 17. Nf5 Nfg8 18. Ne3 Rac8 19. Bd2 g6 20. Qg3 f5 21. exf5 gxf5
22. f4 Nf6 23. Qf3 Ne4 24. Re2 Ng6 25. fxe5 dxe5 26. Be1 Nf4 27. Rc2 Rg8 28. Kh1
Ng5 29. Qf1 Rcf8 30. Rd1 Qg6 31. Rd7+ Kh8 32. Nd5 Nxd5 33. cxd5 f4 34. Rf2 f3
35. g3 Qf5 36. Rxc7 Ne4 37. Kh2 Nxg3 38. Qc4 Ne4 39. Qd3 Qf4+ 40. Kh1 Nxf2+ 41.
Bxf2 Qc1+ 0-1

[Event "22nd ch-EUR Indiv 2022"]
[Site "Terme Catez SLO"]
[Date "2022.04.06"]
[Round "11.121"]
[White "Muetsch, Annmarie"]
[Black "Kotsinis, Alexandros"]
[Result "1-0"]
[WhiteTitle "WIM"]
[WhiteElo "2263"]
[BlackElo "2055"]
[WhiteFideId "12971367"]
[BlackFideId "25870750"]
[EventDate "2022.03.27"]

1. e4 e5 2. Nc3 Nf6 3. g3 d5 4. exd5 Nxd5 5. Bg2 Nxc3 6. bxc3 Bc5 7. Ne2 Nc6 8.
O-O O-O 9. Rb1 Bb6 10. d3 Bg4 11. h3 Be6 12. c4 Qd7 13. Kh2 f5 14. f4 e4 15.
dxe4 Qxd1 16. Rxd1 Bxc4 17. Nc3 fxe4 18. Bxe4 Rad8 19. Ba3 Rfe8 20. Bb2 Bd4 21.
Bg2 Nb4 22. Ne4 Bxa2 23. c3 Nd5 24. Ra1 Nxc3 25. Bxc3 Bxc3 26. Nxc3 Bb3 27. Rxd8
Rxd8 28. Rb1 Bc4 29. Rxb7 Rd2 30. Kg1 Rd3 31. Rxc7 Rxc3 32. Rxc4 Rxg3 33. Rc8+
Kf7 34. Rc7+ Kf6 35. Rxa7 h5 36. Kf2 h4 37. Ra8 Rc3 38. Rf8+ Ke6 39. Rh8 Rc2+
40. Kg1 1-0